Normal view
MARC view
- تاليف دره، عبد الباري وآخرون، م.مشارك موسى المدهون، م.مشارك ابراهيم الجزراوي
Entry Personal Name
001 - CONTROL NUMBER
- control field: 64136
003 - CONTROL NUMBER IDENTIFIER
- control field: JO-AjAnu
005 - DATE AND TIME OF LATEST TRANSACTION
- control field: 20230606084451.0
008 - FIXED-LENGTH DATA ELEMENTS
- fixed length control field: 230606|| aca||aabn | a|a d
040 ## - CATALOGING SOURCE
- Original cataloging agency: JO-AjAnu
- Transcribing agency: JO-AjAnu
100 ## - HEADING--PERSONAL NAME
- Personal name: تاليف دره، عبد الباري وآخرون، م.مشارك موسى المدهون، م.مشارك ابراهيم الجزراوي
670 ## - SOURCE DATA FOUND
- Source citation: Work cat.: (JO-AjAnu)32697: تاليف دره، عبد الباري وآخرون، م.مشارك موسى المدهون، م.مشارك ابراهيم الجزراوي, author, الإدارة الحديثة: المفاهيم والعمليات منهج علمي تحليلي